000 00707 a2200217 4500
999 _c1393
_d1393
020 _a9789351111634
050 _aQK99 SAR 2013
100 _aSarkar, Nandini
_eauthor
245 _aIndigenous medicinal plants and tribals /
_cNandini Sarkar
264 _aNew Delhi :
_bRandom Publications,
_c2013
300 _a280p. :
_bill.
500 _aIncludes index
650 _aEthnoscience
650 _aSustainable development
650 _aMedicinal plants -- India
_xCongresses
650 _aEthnobotany
_xIndia
650 _aPlant conservation -- India
_xCongresses
650 _aMedical microbiology -- India
_xCongresses
650 _aMedical mycology -- India
_xCongresses
942 _2lcc
_cBK
_h99
_iSAR
_kQK